Travail et agir instrumental. À propos des problèmes catégoriels d'une théorie critique de la société (notice n° 1590960)
[ vue normale ]
| 000 -LEADER | |
|---|---|
| fixed length control field | 01653cam a2200289 4500500 |
| 005 - DATE AND TIME OF LATEST TRANSACTION | |
| control field | 20251228065210.0 |
| 041 ## - LANGUAGE CODE | |
| Language code of text/sound track or separate title | fre |
| 042 ## - AUTHENTICATION CODE | |
| Authentication code | dc |
| 100 10 - MAIN ENTRY--PERSONAL NAME | |
| Personal name | Honneth, Axel |
| Relator term | author |
| 245 00 - TITLE STATEMENT | |
| Title | Travail et agir instrumental. À propos des problèmes catégoriels d'une théorie critique de la société |
| 260 ## - PUBLICATION, DISTRIBUTION, ETC. | |
| Date of publication, distribution, etc. | 2007.<br/> |
| 500 ## - GENERAL NOTE | |
| General note | 4 |
| 520 ## - SUMMARY, ETC. | |
| Summary, etc. | RésuméL’auteur propose une analyse critique du concept de travail proposé par plusieurs auteurs, dont K. Marx, H. Arendt et J. Habermas. Il cherche ainsi à discuter du statut émancipatoire du concept de travail dans la formulation d’une théorie critique de la société. |
| 520 ## - SUMMARY, ETC. | |
| Summary, etc. | The author proposes a critical analysis of the concept of work expressed by several authors as K. Marx, H. Arendt or J. Habermas. He tries to discuss the emancipatory status of the concept of work in the formulation of a critical theory of society. |
| 520 ## - SUMMARY, ETC. | |
| Summary, etc. | ResumenEl autor propone auna análisis crítico del concepto de trabajo expuesto por varios autores como K. Marx, H. Arendt et J. Habermas. De este modo busca debatir en torno al estatuto emancipatorio del concpeto de trabajo en la formulación de una teoría crítica de la sociedad. |
| 690 ## - LOCAL SUBJECT ADDED ENTRY--TOPICAL TERM (OCLC, RLIN) | |
| Topical term or geographic name as entry element | agir instrumental |
| 690 ## - LOCAL SUBJECT ADDED ENTRY--TOPICAL TERM (OCLC, RLIN) | |
| Topical term or geographic name as entry element | émancipation |
| 690 ## - LOCAL SUBJECT ADDED ENTRY--TOPICAL TERM (OCLC, RLIN) | |
| Topical term or geographic name as entry element | théorie critique |
| 690 ## - LOCAL SUBJECT ADDED ENTRY--TOPICAL TERM (OCLC, RLIN) | |
| Topical term or geographic name as entry element | travail |
| 690 ## - LOCAL SUBJECT ADDED ENTRY--TOPICAL TERM (OCLC, RLIN) | |
| Topical term or geographic name as entry element | critical theory |
| 690 ## - LOCAL SUBJECT ADDED ENTRY--TOPICAL TERM (OCLC, RLIN) | |
| Topical term or geographic name as entry element | emancipation |
| 690 ## - LOCAL SUBJECT ADDED ENTRY--TOPICAL TERM (OCLC, RLIN) | |
| Topical term or geographic name as entry element | instrumental action |
| 690 ## - LOCAL SUBJECT ADDED ENTRY--TOPICAL TERM (OCLC, RLIN) | |
| Topical term or geographic name as entry element | work |
| 700 10 - ADDED ENTRY--PERSONAL NAME | |
| Personal name | Gernet, Isabelle |
| Relator term | author |
| 786 0# - DATA SOURCE ENTRY | |
| Note | Travailler | 18 | 2 | 2007-09-01 | p. 17-58 | 1620-5340 |
| 856 41 - ELECTRONIC LOCATION AND ACCESS | |
| Uniform Resource Identifier | <a href="https://shs.cairn.info/revue-travailler-2007-2-page-17?lang=fr&redirect-ssocas=7080">https://shs.cairn.info/revue-travailler-2007-2-page-17?lang=fr&redirect-ssocas=7080</a> |
Pas d'exemplaire disponible.




Réseaux sociaux